000 01272nam a22002657a 4500
005 20110913152830.0
008 110913t xxu||||| |||| 00| 0 mar d
010 _aMAR-21338
020 _c140.00
_a9788184982855
035 _aMR-13996
037 _bDBAD/PUB
040 _aDPL
_bMR
082 _a891.46301
100 _934729
_aपरसाई,हरिशंकर
245 _aनॉट पेड /
_cहरिशंकर परसाई ; उज्ज्वला केळकर द्वारा अनुवादित
246 _aNote Pad
_bby Harishankar Parsai
260 _aपुणे
_bमेहता पब्लिशिंग हाऊस
_c2011
270 _bपुणे
_a1941,सदाशिव पेठ,माडीवाले कॉलनी
_e411030
300 _aदहा,140पृ.
_c21सेमी(अजिल्द)
650 _aमराठी कथासंग्रह
_934785
650 _aMarathi Short Stories
_934786
700 _aकेळकर,उज्जवला
_934787
942 _2ddc
_cMR
_mपरसा
_h891.46301
999 _c56804
_d56804